Bases navales de la Marine nationale française - Statistiques

Statistiques générales
  • Ce quiz a été pris 317 fois
  • Le résultat moyen est 4 sur 10
Statistiques - réponses
Continent Réponse % Correct
Europe Toulon
97%
Europe Brest
92%
Europe Cherbourg
69%
Afrique* Djibouti (Djibouti)
63%
Océanie Nouméa (Nouvelle-Calédonie)
36%
Océanie Papeete (Polynésie Française)
32%
Amérique du Nord Fort-de-France (Martinique)
29%
Afrique Port-des-Galets (La Réunion)
11%
Asie Abou Dhabi (EAU)
10%
Amérique du Sud Dégrad-des-Cannes (Guyane)
8%
Aucun quiz correspondant
Distribution des résultats
% des personnes avec chaque résultat
Percentile par nombre de réponses
Votre historique - résultats
Vous n’avez pas pris ce quiz